| 000 | 00366nam a22001457a 4500 | ||
|---|---|---|---|
| 999 |
_c15515 _d15515 |
||
| 003 | OSt | ||
| 008 | 180823b ||||| |||| 00| 0 eng d | ||
| 020 | _a9788184350883 | ||
| 082 |
_a664.0068 _bSUG/FO |
||
| 100 |
_aSugandhar babu, R.P _93285 |
||
| 245 | _aFood and beverage production | ||
| 260 |
_aNew Delhi _bAdhyayan publishers _c2008 |
||
| 300 | _a255 | ||
| 942 | _cBK | ||